<?xml version="1.0" encoding="UTF-8"?><?xml-stylesheet type="text/xsl" href="static/style.xsl"?><OAI-PMH xmlns="http://www.openarchives.org/OAI/2.0/" xmlns:xsi="http://www.w3.org/2001/XMLSchema-instance" xsi:schemaLocation="http://www.openarchives.org/OAI/2.0/ http://www.openarchives.org/OAI/2.0/OAI-PMH.xsd"><responseDate>2026-04-26T21:57:39Z</responseDate><request verb="GetRecord" identifier="oai:uvadoc.uva.es:10324/68194" metadataPrefix="marc">https://uvadoc.uva.es/oai/request</request><GetRecord><record><header><identifier>oai:uvadoc.uva.es:10324/68194</identifier><datestamp>2024-12-03T14:43:16Z</datestamp><setSpec>com_10324_1129</setSpec><setSpec>com_10324_931</setSpec><setSpec>com_10324_894</setSpec><setSpec>col_10324_1193</setSpec></header><metadata><record xmlns="http://www.loc.gov/MARC21/slim" xmlns:doc="http://www.lyncode.com/xoai" xmlns:xsi="http://www.w3.org/2001/XMLSchema-instance" xmlns:dcterms="http://purl.org/dc/terms/" xsi:schemaLocation="http://www.loc.gov/MARC21/slim http://www.loc.gov/standards/marcxml/schema/MARC21slim.xsd">
<leader>00925njm 22002777a 4500</leader>
<datafield tag="042" ind1=" " ind2=" ">
<subfield code="a">dc</subfield>
</datafield>
<datafield tag="720" ind1=" " ind2=" ">
<subfield code="a">LION, JEAN-MARIE</subfield>
<subfield code="e">author</subfield>
</datafield>
<datafield tag="720" ind1=" " ind2=" ">
<subfield code="a">MOUSSU, ROBERT</subfield>
<subfield code="e">author</subfield>
</datafield>
<datafield tag="720" ind1=" " ind2=" ">
<subfield code="a">Sanz Sánchez, Fernando</subfield>
<subfield code="e">author</subfield>
</datafield>
<datafield tag="260" ind1=" " ind2=" ">
<subfield code="c">2002</subfield>
</datafield>
<datafield tag="520" ind1=" " ind2=" ">
<subfield code="a">A theorem of Łojasiewicz asserts that any relatively compact solution of a&#xd;
real analytic gradient vector field has finite length. We show here a generalization of&#xd;
this result for relatively compact solutions of an analytic vector field X with a smooth&#xd;
invariant hypersurface, transversally hyperbolic for X, where the restriction of the field is&#xd;
a gradient. This solves some instances of R. Thom’s Gradient Conjecture. Furthermore, if&#xd;
the dimension of the ambient space is three, these solutions do not oscillate (in the sense&#xd;
that they cut an analytic set only finitely many times) ; this can also be applied to some&#xd;
gradient vector fields.</subfield>
</datafield>
<datafield tag="024" ind2=" " ind1="8">
<subfield code="a">Ergod. Th. &amp; Dynam. Sys. (2002), 22, 525–534</subfield>
</datafield>
<datafield tag="024" ind2=" " ind1="8">
<subfield code="a">0143-3857</subfield>
</datafield>
<datafield tag="024" ind2=" " ind1="8">
<subfield code="a">https://uvadoc.uva.es/handle/10324/68194</subfield>
</datafield>
<datafield tag="024" ind2=" " ind1="8">
<subfield code="a">10.1017/S0143385702000251</subfield>
</datafield>
<datafield tag="024" ind2=" " ind1="8">
<subfield code="a">525</subfield>
</datafield>
<datafield tag="024" ind2=" " ind1="8">
<subfield code="a">02</subfield>
</datafield>
<datafield tag="024" ind2=" " ind1="8">
<subfield code="a">534</subfield>
</datafield>
<datafield tag="024" ind2=" " ind1="8">
<subfield code="a">Ergodic Theory and Dynamical Systems</subfield>
</datafield>
<datafield tag="024" ind2=" " ind1="8">
<subfield code="a">22</subfield>
</datafield>
<datafield tag="024" ind2=" " ind1="8">
<subfield code="a">1469-4417</subfield>
</datafield>
<datafield tag="245" ind1="0" ind2="0">
<subfield code="a">Champs de vecteurs analytiques et champs de gradients</subfield>
</datafield>
</record></metadata></record></GetRecord></OAI-PMH>